header

Education for all in Africa. (Record no. 264455)

MARC details
000 -LEADER
fixed length control field 00737nam a22002417a 4500
003 - CONTROL NUMBER IDENTIFIER
control field OSt
005 - DATE AND TIME OF LATEST TRANSACTION
control field 20241030123811.0
008 - FIXED-LENGTH DATA ELEMENTS--GENERAL INFORMATION
fixed length control field 240903b xxu||||| |||| 00| 0 eng d
010 ## - LIBRARY OF CONGRESS CONTROL NUMBER
LC control number 2009314270
Canceled/invalid LC control number 2006315516
020 ## - INTERNATIONAL STANDARD BOOK NUMBER
International Standard Book Number 9290910895
040 ## - CATALOGING SOURCE
Transcribing agency DLC
050 ## - LIBRARY OF CONGRESS CALL NUMBER
Classification number LA1500
Item number .E374
110 ## - MAIN ENTRY--CORPORATE NAME
Corporate name or jurisdiction name as entry element UNESCO/BREDA
245 ## - TITLE STATEMENT
Title Education for all in Africa.
246 ## - VARYING FORM OF TITLE
Title proper/short title EFA
260 ## - PUBLICATION, DISTRIBUTION, ETC. (IMPRINT)
Place of publication, distribution, etc Dakar, Senegal :
Name of publisher, distributor, etc Unesco Regional Office in Dakar (BREDA)
Date of publication, distribution, etc 2006
300 ## - PHYSICAL DESCRIPTION
Extent v. :
Other physical details col. ill., col. maps ;
Dimensions 30 cm.
310 ## - CURRENT PUBLICATION FREQUENCY
Current publication frequency Annual
650 ## - SUBJECT ADDED ENTRY--TOPICAL TERM
Topical term or geographic name as entry element Educational indicators
Form subdivision Periodicals.
Geographic subdivision Africa
Topical term or geographic name as entry element Education
Form subdivision Periodicals.
Geographic subdivision Africa
710 ## - ADDED ENTRY--CORPORATE NAME
Corporate name or jurisdiction name as entry element Unesco.
Subordinate unit Regional Office for Education in Africa.
942 ## - ADDED ENTRY ELEMENTS (KOHA)
Source of classification or shelving scheme Library of Congress Classification
Koha item type Research and Special Collections
Holdings
Withdrawn status Lost status Source of classification or shelving scheme Damaged status Not for loan Collection code Home library Current library Shelving location Date acquired Total Checkouts Full call number Barcode Date last seen Price effective from Koha item type
    Library of Congress Classification     Non-fiction Rongo University Library Rongo University Library General Stacks 03/09/2024   LA1500 .E374 2006 202400999 11/10/2024 03/09/2024 Research and Special Collections

© 2026 Rongo University
Contact us: librarian | system librarian | Rongo university